31 obras del Museo Provincial de Bellas Artes / (Record no. 187392)

MARC details
000 -LEADER
campo de control de longitud fija 00883nam a2200229 i 4500
001 - NÚMERO DE CONTROL
campo de control 187392
003 - IDENTIFICADOR DE NÚMERO DE CONTROL
campo de control SpMaBN
005 - FECHA Y HORA DE LA ÚLTIMA TRANSACCIÓN
campo de control 20230906222916.0
008 - DATOS DE LONGITUD FIJA--INFORMACIÓN GENERAL
campo de control de longitud fija 170628s1986 sp a c |||| |dspa d
020 ## - NÚMERO INTERNACIONAL ESTÁNDAR DEL LIBRO
Número Internacional Estándar del Libro 84-505-3831-9
080 ## - NÚMERO DE LA CLASIFICACIÓN DECIMAL UNIVERSAL
Número de la Clasificación Decimal Universal 7:069(460.253 B)Bellas Artes
080 ## - NÚMERO DE LA CLASIFICACIÓN DECIMAL UNIVERSAL
Número de la Clasificación Decimal Universal 75:069.538.7(460.253 B)Bellas Artes
110 2# - ENTRADA PRINCIPAL--NOMBRE DE ENTIDAD CORPORATIVA
Nombre de entidad corporativa o nombre de jurisdicción como elemento de entrada Museo de Bellas Artes de Badajoz.
9 (RLIN) 163284
245 10 - MENCIÓN DEL TÍTULO
Título 31 obras del Museo Provincial de Bellas Artes /
Mención de responsabilidad, etc. Carmen Araya, Fernando Rubio.
260 ## - PUBLICACIÓN, DISTRIBUCIÓN, ETC.
Lugar de publicación, distribución, etc. Badajoz :
Nombre del editor, distribuidor, etc. Departamento de Publicaciones de la Diputación Provincial :
-- Museo Provincial de Bellas Artes,
Fecha de publicación, distribución, etc. 1986.
300 ## - DESCRIPCIÓN FÍSICA
Extensión 111 p. :
Otras características físicas il. col. ;
Dimensiones 30 cm.
504 ## - NOTA DE BIBLIOGRAFÍA, ETC.
Nota de bibliografía, etc. Referencias bibliográficas.
610 27 - PUNTO DE ACCESO ADICIONAL DE MATERIA--NOMBRE DE ENTIDAD CORPORATIVA
Nombre de entidad corporativa o nombre de jurisdicción como elemento de entrada Museo de Bellas Artes de Badajoz-
Subdivisión de forma Catálogo.
9 (RLIN) 163285
700 1# - ENTRADA AGREGADA--NOMBRE PERSONAL
Nombre de persona Araya Iglesias, Carmen.
9 (RLIN) 22371
700 1# - ENTRADA AGREGADA--NOMBRE PERSONAL
Nombre de persona Rubio García, Fernando.
9 (RLIN) 100410
852 ## - LOCALIZACIÓN
Ubicación ES-MaACL
Número de control de estantería L-31735
Holdings
Estatus retirado Estado de pérdida Estado de daño No para préstamo Biblioteca de origen Biblioteca actual Ubicación en estantería Fecha de adquisición Fuente de adquisición Total de préstamos Signatura topográfica completa Código de barras Visto por última vez Precio de reemplazo Tipo de ítem Koha
        Biblioteca del Ateneo de Madrid Biblioteca del Ateneo de Madrid Depósito 2 28/06/2017     L-31735 1197805 23/02/2023 23/02/2023 Libro impreso